000 01094njm a22003017a 4500
005 20100918120820.0
007 sd ammalaaahaa
008 100918t xxu||||| |||| 00| 0 hin d
028 _aD/MOCE. 4192
_bODEON
035 _aGR-03411
040 _aSED/VEN
100 _920657
_aMangeshkar, Lata
245 _aBobby /
_cby Lata Mangeshkar ; music by Laxmikant Pyarelal
_h[sound recording] :
246 _aबोब्बी (लता मंगेशकर )
260 _aDum Dum India
_bODEON
_c1973
300 _a1 sound disc [Gramophone record] :
_banalog, 331/3 rpm
_c12 in. (LP)
_fGramophone Record
500 _aBrief Record
500 _aODEON
500 _aBlack
500 _aLong Playing
505 _aMein sahir to nahin part 1 (Bobby) (Lata Mangeshkar) Na mangu sona chandi part 2 (Bobby) (Lata Mangeshkar)
650 _vFilmi Song
_xExcerpts
_zIndia
_920658
_aClassical Music
700 _aLaxmikant Pyarelal
_920659
700 _920660
700 _920674
942 _2ddc
_cGR
999 _c46779
_d46779